000 00436nam a2200169Ia 4500
005 20250508152536.0
008 008 250505s9999 xx 000 0 eng d
037 _aTextual
040 _aFEDL
_beng
_cFEDL
041 _aeng
_2eng
084 _a709.51, WIL
_qFEDL
100 _aWillentts William
_9761742
245 0 _aChinese art Vol. 2
260 _c1958
942 _cTEXL
_h709.51, WIL
999 _c1337119
_d1337119